20 Most successful KDrama - Statistics

General Stats
  • This quiz has been taken 622 times
  • The average score is 2 of 20
Answer Stats
Hint Answer % Correct
16 Boys Over Flowers
70%
14 Descendants of the Sun
41%
18 The 1st Shop of Coffee Prince
25%
17 My Love from the Star
17%
15 Secret Garden
14%
11 Stairway to Heaven
10%
1 Dae Jang Geum
7%
10 Autumn in my heart
5%
3 Jumong
5%
2 Lovers in Paris
5%
8 Moon Embracing the Sun
5%
13 Iris
4%
7 A Brilliant Legacy
2%
19 A Gentleman's Dignity
2%
5 Baker King
2%
6 My Name is Kim Sam Soon
2%
9 Queen Seondeok
2%
12 Temptation of Wife
2%
20 Deep Rooted Tree
1%
4 Unexpected you
1%
No matching quizzes found
Score Distribution
Percent of People with Each Score
Percentile by Number Answered
Your Score History
You have not taken this quiz